000 01169nam a2200253Ia 4500
003 OSt
005 20221005110412.0
006 a|||||r|||| 00| 0
007 ta
008 221004b |||||||| |||| 00| 0 hin d
020 _a8170167884 (hbk)
_c250
024 _a99444
037 _b354, 02/03/2010, Swaraj Prakashan
_cTextual
040 _aCRL
_cCRL
_bhin
041 _2hin
_ahin
082 _aO152,6N33x, P8
100 _aजोशी, मनोहर श्याम
245 0 _aमनोहर श्याम जोशी के तीन उपन्यास
_b हरिया हरक्यूलीज़ की हैरानी। टा - टा प्रोफेसर । हमज़ाद
246 _aManohar shyām joshī ke tīn upanyāsa: hariyā harakyūlīज़ kī hairānī। ṭā - ṭā profesar । hamaज़āda
260 _aनई दिल्ली
_bकिताबघर प्रकाशन भारत
_c2008
300 _a156पृ0
_ccm.
942 _hO152,6N33x, P8
_cTEXL
_2cc
999 _c1018698
_d1018698